000 00519ntaaa2200193 4500
003 01
005 20251027202452.0
008 0714s1973 ag 01
040 _aAR-BaBN
_bspa
_cAR-BaBN
_eaacr
_dRIC
082 _a268.4322 C77
100 _aCook, Melva
_920946
245 _aBible teaching for 4's - 5's
250 _a1 ed.
260 _aNashville :
_bConvention Press,
_cc1960
300 _a150 p.
500 _aenseñanza bíblica a los niños (párvulos) de 4 y 5 años
650 _aPárvulos
_93768
942 _cBK
999 _c19688
_d19688